000 00491nam a2200193 a 4500
001 1767860136358
003 YourLibrary
005 20260108150648.0
008 260108s1998##################000#0#eng##
020 _a9780415175814
082 0 4 _a301.35095
_bISH
100 1 _aIshwaran, Karigoudar,
_eauthor.
245 1 0 _aShivapur :
260 _bTaylor & Francis US,
_c1998.
300 _a242 pages
650 0 _aReference.
942 _cENGLISH
040 _aYourLibrary
_beng
_cYourLibrary
999 _c607914
_d607914